000 00760nam a2200265 a 4500
008
020 _a0133142116 (pbk.)
049 _aMAIN
090 _aHF5635
100 1 _aHarvey, Mike.
245 1 0 _aFinancial accounting theory and standards /
_cMike Harvey, Fred Keer.
250 _a2nd ed.
260 _aLondon :
_bPrentice/Hall International,
_cc1983.
300 _ax, 214 p. :
_bill. ;
_c23 cm.
504 _aIncludes bibliographical references.
500 _aIncludes index.
650 0 _aAccounting.
650 _aFinancial accounting
700 1 _aKeer, Fred.
907 _a.b10054066
_b26-01-07
_c17-04-03
003
005 20230123133503.0
040 _cNUST
942 _cBOOKS
_kHF5635
999 _c149444
_d149444